000 00261nam a2200109Ia 4500
999 _c8781
_d8781
020 _a978-0-324-32139-5
100 _aDon M.Chance
245 3 _aAn Introduction to Derivatives and Risk Management
260 _aIndia
_bPerson
_c1995
300 _a591
942 _cBK